01448 2200433 4500001002100000005001500021035002000036007000300056008004100059020002200100082001200122084001400134100003100148245022400179250003100403300003900434700002400473700002400497700003100521700003000552700002400582700003000606700002700636700002700663700002600690264003500716336002100751337003000772338002300802090002200825650001100847850001200858999002200870040002200892504003300914500001100947710003400958990002200992INLIS00000000088037020230726022634 a0010-0723000741ta230726s2023 yoia g | ind d a978-623-183-398-304223a581 a581 WAK b1 aWakhidah, A. Z.ePengarang10aBotani tumbuhan rendah :bthallophyta, bryophyta, pteridophyta /cA. Z. Wakhidah, A. Aini, N. Alim, A. A. Maharani, D. Risamawati, Habibah, M. A. Mustafa, F. Pratiwi, M. Saputri, A. Sayang; penyunting, Tim Jejak Pustaka aCetakan Pertama, Juni 2023 aix, 107 halaman :bgambar ;c23 cm1 aAini, A.ePengarang1 aAlim, N.ePengarang1 aMaharani, A. A.ePengarang0 aRisamawati, D.ePengarang0 aHabibah,ePengarang0 aMustafa, M. A.ePengarang1 aPratiwi, F.ePengarang1 aSaputri, M.ePengarang1 aSayang, A.ePengarang31aBantul :bJejak Pustaka,c2023 2rdacontentateks 2rdamediaatanpa perantara 2rdacarrieravolume aCB-D.11 2023-1401 4aBotani aYOPDYOG aCB-D.11/2023-1401 aYOPDYOGbinderda aBibliografi: halaman 100-101 aindeks2 aTim Jejak PustakaePenyunting aCB-D.11/2023-1401